Normal view
MARC view
- Ingre, David.
Entry Personal Name
001 - CONTROL NUMBER
- control field: 29497
003 - CONTROL NUMBER IDENTIFIER
- control field: NUST
005 - DATE AND TIME OF LATEST TRANSACTION
- control field: 20200827101725.0
008 - FIXED-LENGTH DATA ELEMENTS
- fixed length control field: 200827|| aca||aabn | a|a d
040 ## - CATALOGING SOURCE
- Original cataloging agency: NUST
- Transcribing agency: NUST
100 ## - HEADING--PERSONAL NAME
- Personal name: Ingre, David.
670 ## - SOURCE DATA FOUND
- Source citation: Work cat.: (NUST)0: Ingre, David., Engineering communication :
